Business Statistics (Record no. 1354)

MARC details
000 -LEADER
fixed length control field 00413nam a22001697a 4500
005 - DATE AND TIME OF LATEST TRANSACTION
control field 20180530111511.0
008 - FIXED-LENGTH DATA ELEMENTS--GENERAL INFORMATION
fixed length control field 160521b xxu||||| |||| 00| 0 eng d
020 ## - INTERNATIONAL STANDARD BOOK NUMBER
ISBN 81-272-1738-7
041 ## - LANGUAGE CODE
Language code of text/sound track or separate title eng
082 ## - DEWEY DECIMAL CLASSIFICATION NUMBER
Item number 3979
Classification number 519.5
100 ## - MAIN ENTRY--AUTHOR NAME
Personal name Aggarwal SL, Bharadvaj SL & Kumar Inder
245 ## - TITLE STATEMENT
Title Business Statistics
260 ## - PUBLICATION, DISTRIBUTION, ETC. (IMPRINT)
Name of publisher Kalyani Pub.
300 ## - PHYSICAL DESCRIPTION
Number of Pages 16.51
650 ## - SUBJECT ADDED ENTRY--TOPICAL TERM
Topical Term Management
942 ## - ADDED ENTRY ELEMENTS (KOHA)
Koha item type Books
Holdings
Lost status Damaged status Collection code Home library Current library Shelving location Date acquired Source of acquisition Cost, normal purchase price Full call number Accession Number Koha item type
    MANAGEMENT JRU Library JRU Library SHELF-75-C 21/05/2016 PURCHASE 250.00 519.5 3979 Books
    MANAGEMENT JRU Library JRU Library SHELF-75-C 21/05/2016 PURCHASE 250.00 519.5 3980 Books
    MANAGEMENT JRU Library JRU Library SHELF-75-C 21/05/2016 PURCHASE 250.00 519.5 3981 Books
    MANAGEMENT JRU Library JRU Library SHELF-75-C 21/05/2016 PURCHASE 250.00 519.5 3982 Books
    Reference JRU Library   SHELF-29-E 21/05/2016   250.00 519.5 3983 Books